Household budget survey 1996/97 Republik of Mauritius

Salvato in:
Dettagli Bibliografici
Natura: Libro
Lingua:inglese
Pubblicazione: Port Louis Central Statistical Office [1997]
Soggetti:
Tags: Aggiungi Tag
Nessun Tag, puoi essere il primo ad aggiungerne!!

MARC

LEADER 00000nam a2200000 4500
001 c114159
005 20251201095030.4
041 0 |a eng 
044 |a MU 
245 1 0 |a Household budget survey 1996/97  |b Republik of Mauritius 
264 1 |a Port Louis  |b Central Statistical Office  |c [1997] 
300 |a 97 s. 
610 2 0 |a rozpočty 
610 2 0 |a domácnosti 
610 2 0 |a spotreba 
610 2 0 |a ceny spotrebiteľské 
610 2 0 |a príjmy 
610 2 0 |a distribúcia 
610 2 0 |a Maurícius